000
00225nam a22000857a 4500
008
170620b xxu||||| |||| 00| 0 eng d
100
_9
3564
_a
Premi. K. M
245
_a
Population of India in 2001
260
_a
New delhi
_b
N. B. T
_c
2009
999
_c
6949
_d
6949